Stati dell'Unione Europea ed Anno di adesione - Quiz n°1 - Statistics

Statistiche generali
  • Questo quiz è stato fatto 36 volte
  • Il punteggio medio è 6 su 9
Statistiche sulle risposte
Hint Risposta % Corretto
Italia 1958
100%
Belgio 1958
88%
Paesi Bassi 1958
84%
Estonia 2004
76%
Croazia 2013
72%
Slovacchia 2004
60%
Grecia 1981
52%
Portogallo 1986
44%
Grecia 2004
4%
Nessun quiz corrispondente trovato
Distribuzione punteggi
Percentuale di utenti per punteggio
Percentile per numero di risposta
I tuoi punteggi nel tempo
Non hai fatto questo quiz